| 000 | 00457cam a2200181ua 4500 | ||
|---|---|---|---|
| 001 | 2450 | ||
| 008 | 110817n ii |||gr||||Z||||||asm | ||
| 040 | _cMAIN | ||
| 082 | _a398.054162 | ||
| 100 | 1 |
_aChankakati, keshab Chandra, _eAuthor. |
|
| 245 | 1 |
_aTaal Pradeep _cby Keshab Chandra Chankakati |
|
| 250 | _a1st. | ||
| 260 |
_aGuahati: _bParbati prakashan,981. |
||
| 300 |
_a144p: _c23cm. |
||
| 653 | _aFolklore | ||
| 653 | _aAssamese culture | ||
| 942 | _cBK | ||
| 999 |
_c2307 _d2307 |
||